00610naa a2200133 i 45000010005000000030009000050050017000140080039000310400029000701000089000992450054001886500030002427730204002729916KOSZ 00520180411150249.0180411s1981 pl f f |000 0 pol cKOSZ 005/HRaKOSZ 005/HR1 aCHARUN, Henryk.d1978-1982.bWyższa Szkoła Inżynierska - Instytut Budowy Maszyn10aBadanie sprężarki tłokowej /cHenryk Charun. 0aTermodynamika techniczna.0 iW :tMateriały pomocnicze do ćwiczeń laboratoryjnych z podstaw techniki cieplnej / pod red. Mariana Czapp. - dKoszalin : Wydaw. Uczelniane Wyższej Szkoły Inżynierskiej, 1981. -gs. 438-467